000 00947nam a2200313 i 4500
001 000012892
003 DO-SdBPM
005 20251027140012.0
007 ta
008 091118s1994 dr 000 f spa d
040 _aDO-SdBPM
_bspa
_cBPMSU
_erda
082 4 _aRD863.44
_bM844e 1994
_222
100 1 _aMoreta Feliz, Altagracia,
_eautor
245 1 3 _aEl extraño fenómeno de los 500 años /
_cAltagracia Moreta Feliz.
250 _a2a. ed.
264 _aSanto Domingo :
_bEditora El Nuevo Diario,
_c1994
300 _a156 páginas ;
_c22 cm.
336 _2rdacontent
_atexto
_btxt
337 _2rdamedia
_asin mediación
_bn
338 _2rdacarrier
_avolumen
_bnc
500 _aIncluye glosario
590 _aInventariado, 2025/VM
650 7 _aNovela dominicana
650 7 _aLiteratura dominicana.
650 z _aDominican fictions
650 z _aDominican literature
910 _aVMateo V. Control de calidad. BPMSU
942 _2ddc
_cBK
999 _c14108
_d14108